Statistiche per Quiz di cultura generale

Clicka qui per fare il quiz!

Statistiche generali

  • Questo quiz è stato fatto 2.163 volte
  • Il punteggio medio è 7 su 15

Statistiche sulle risposte

DomandaRisposta% Corretto
Chi è stato il primo papa?San Pietro
87%
Qual è la più grande isola del Mediterraneo?Sicilia
83%
Qual è l'oceano più esteso?Pacifico
76%
Quali sono le colonie italiane in Africa?Somalia, Etiopia, Eritrea e Libia
71%
Quali sono i 3 Imperi Centrali alleati della Prima Guerra Mondiale?Impero Ottomano, Tedesco e Austro-Ungarico
63%
Chi è stato il primo Presidente della Repubblica?De Nicola
56%
Quale stato era anticamente chiamato Lusitania?Portogallo
51%
Qual è la catena montuosa più lunga al mondo?Ande
41%
Quale tra questi stati faceva parte dell'UrssGeorgia
41%
Quale tra questi dittatori ha preso prima il potere nel proprio stato?Mussolini
36%
A quale stato appartiene l'isola di Porto Rico?Usa
35%
Qual è lo stato meno densamente popolato?Mongolia
26%
Qual è il paese con la più alta percentuale di densità della popolazione?Monaco
16%
Qual è la nazione con più isole al mondo (ne ha ben 220.000 e passa)Svezia
16%
Quale tra questi stati si è sempre alleato al fianco della Germania nelle due guerre mondiali?Bulgaria
15%

Distribuzione punteggi

Percentile per numero di risposta

Percentuale di utenti per punteggio

I tuoi punteggi nel tempo

Non hai fatto questo quiz